| 000 | 00550nam a22001937a 4500 | ||
|---|---|---|---|
| 003 | OSt | ||
| 005 | 20251125091558.0 | ||
| 008 | 251125b |||||||| |||| 00| 0 eng d | ||
| 020 | _a9781608402298 | ||
| 020 | _a1608402290 | ||
| 040 |
_aDLC _cDLC |
||
| 050 |
_aQA107.2 _b.L37 2012 |
||
| 100 | _aLarson, Ron | ||
| 245 |
_aBig Ideas MATH A Common Core Curriculum _cRon Larson, Laurie Boswell |
||
| 250 | _aTeaching Edition | ||
| 260 |
_aPennyslivania, USA _bBig Ideas Learning _c2012 |
||
| 300 |
_avarious paginations _bill; col. |
||
| 942 |
_2lcc _cBK |
||
| 999 |
_c265336 _d265335 |
||